| 000 | 01250nam a22001937a 4500 | ||
|---|---|---|---|
| 008 | 230320b2023 xxk||||| ||||f00| 0 eng d | ||
| 041 | _aeng | ||
| 245 |
_aGuidance on clarity in the MRO procedure _h[Electronic resource] |
||
| 260 |
_bPubs Code Adjudicator, _c17 March 2023 |
||
| 520 | _aPubs Code Adjudicator statutory guidance for pub companies aims to remove barriers for tenants and ensure a fair and consistent approach to the Market Rent Only (MRO) offer. The guidance has been made under the Small Business, Enterprise and Employment Act 2015 s.61(3) and seeks to reduce the potential areas for disputes over the compliance of a MRO option, and thus the need for arbitration referrals, which can be a cumbersome and costly mechanism for resolving a dispute and a disincentive to tied tenants pursuing the MRO option. The guidance will come into effect from 1 May 2023. | ||
| 650 | _aPUBLIC HOUSES | ||
| 650 | _aMARKET RENT | ||
| 650 | _aTIED PUBS | ||
| 651 | _aUnited Kingdom | ||
| 690 |
_96227 _aCommercial property |
||
| 710 | _aPubs Code Adjudicator | ||
| 856 |
_uhttps://www.gov.uk/government/publications/guidance-on-clarity-in-the-mro-procedure/guidance-on-clarity-in-the-mro-procedure _zAvailable on GOV.UK |
||
| 942 | _n0 | ||
| 999 |
_c121400 _d121400 |
||